Score 0/12 Timer 04:00
0 Plays Today
Word % Correct
CLAM
91.1%
SLAM
89.9%
CLAP
85.3%
SLUM
81.9%
PEAR
74.1%
SCUM
66.4%
SCAM
65%
CHAP
65%
BEAR
64.3%
SEAM
64%
PEER
62.9%
BEAM
61.8%

Today's Daily Dose

Remove Ads.
Support Sporcle.
Get the best of Sporcle when you Go Orange. This ad-free experience offers more features, more stats, and more fun while also helping to support Sporcle. Thank you for becoming a member.

You're not logged in!

Compare scores with friends on all Sporcle quizzes.
OR
Log In

Show Comments

Extras

Top Quizzes Today


Score Distribution

Your Account Isn't Verified!

In order to create a playlist on Sporcle, you need to verify the email address you used during registration. Go to your Sporcle Settings to finish the process.

Report this User

Report this user for behavior that violates our Community Guidelines.

Details: